[Event "7th HD Bank Cup 2017"]
[Site "masterchessopen.com Ho Chi Minh City VIE"]
[Date "2017.03.15"]
[Round "6.29"]
[White "Nguyen Dang Hong Phuc"]
[Black "Andyka,Pitra"]
[Result "1-0"]
[WhiteElo "2280"]
[BlackElo "2390"]

1.d4 Nf6 2.Nf3 g6 3.g3 Bg7 4.Bg2 O-O 5.c4 c5 6.Nc3 cxd4 7.Nxd4 Qc7 8.Qd3 Nc6
9.Ndb5 Qa5 10.Bd2 d6 11.Nd5 Qd8 12.Bc3 Ne5 13.Bxe5 dxe5 14.Nxf6+ exf6 15.Qa3
Be6 16.Rd1 Qb8 17.b3 f5 18.O-O e4 19.f3 f4 20.Qd6 exf3 21.Rxf3 fxg3 22.Rxg3
Rd8 23.Qxb8 Raxb8 24.Rgd3 Rxd3 25.Rxd3 Bf5 26.e4 Be6 27.Nc7 Bg4 28.h3 Bh5
29.Rd7 Be5 30.Kf2 a6 31.Bf3 Bxf3 32.Kxf3 Kg7 33.Nd5 h5 34.a4 b6 35.Nb4 a5
36.Nc6 Re8 37.Rb7 Bc3 38.Rxb6 Re6 39.c5 Rf6+ 40.Ke3 Be1 41.Nd4 Bf2+ 42.Kd3
Bxd4 43.Kxd4 Rf1 44.c6 Rc1 45.Kd5 g5 46.Rb5 g4 47.hxg4 hxg4 48.Kd6 Kh6 49.Rd5
Rc3 50.c7 g3 51.Rd2 Kg5 52.b4 axb4 53.a5 Kf4 54.a6 b3 55.a7 Rc2 56.Rxc2 bxc2
57.c8=Q g2 58.Qc5 {#r} 1-0

[Event "7th HD Bank Cup 2017"]
[Site "masterchessopen.com Ho Chi Minh City VIE"]
[Date "2017.03.15"]
[Round "6.30"]
[White "Abhishek,K"]
[Black "Tran Ngoc Lan"]
[Result "0-1"]
[WhiteElo "2381"]
[BlackElo "2254"]

1.e4 Nf6 2.e5 Nd5 3.d4 d6 4.c4 Nb6 5.f4 g5 6.Nc3 Bg7 7.fxg5 dxe5 8.d5 c6 9.Be3
cxd5 10.cxd5 e4 11.Nge2 Bg4 12.Qb3 e6 13.h3 Bxe2 14.Bxe2 exd5 15.O-O O-O
16.Bc5 Nc6 17.Bxf8 Qxf8 18.Bh5 Qc5+ 19.Kh1 Rf8 20.Rac1 Qe3 21.Nb5 Qxg5 22.Nxa7
Nc4 23.Nxc6 bxc6 24.g4 Nd2 25.Qb7 Nxf1 26.Rxf1 Qe3 27.Bxf7+ Kh8 28.Kg2 Be5
29.Qb3 Qxb3 30.axb3 Rb8 31.Rc1 Rxb3 32.Rxc6 Rxb2+ 33.Kf1 d4 34.Bd5 e3 35.Bc4
Rc2 36.Rc8+ Kg7 37.Rg8+ Kf6 38.Be2 Rd2 39.Rd8 Ke6 40.Bc4+ Ke7 41.Rd5 Bg3 42.g5
Rf2+ 43.Kg1 Bh2+ 44.Kh1 Rd2 45.h4 Bc7 46.h5 e2 47.Bxe2 Rxe2 48.g6 hxg6 49.hxg6
Be5 50.g7 Bxg7 51.Rxd4 Re1+ {#R} 0-1

[Event "7th HD Bank Cup 2017"]
[Site "masterchessopen.com Ho Chi Minh City VIE"]
[Date "2017.03.15"]
[Round "6.31"]
[White "Li Ruofan"]
[Black "Vo Thi Kim Phung"]
[Result "1-0"]
[WhiteElo "2352"]
[BlackElo "2220"]

1.d4 d5 2.c4 c6 3.cxd5 cxd5 4.Bf4 a6 5.Nc3 Nf6 6.e3 e6 7.Bd3 Bd6 8.Bxd6 Qxd6
9.f4 b5 10.Nf3 Nbd7 11.O-O Bb7 12.Ne5 O-O 13.a4 b4 14.Nb1 a5 15.Nd2 Nb6 16.Qf3
Ba6 17.Bxa6 Rxa6 18.Rfc1 Rc8 19.Rxc8+ Nxc8 20.Rc1 Qd8 21.Qe2 Ra8 22.Nb3 Ne4
23.Nc6 Qe8 24.Nbxa5 Ncd6 25.Qe1 b3 26.Qb4 Rc8 27.Qxb3 Nc4 28.Rxc4 dxc4 29.Qxc4
Kh8 30.b4 f6 31.h3 Nd6 32.Qc2 Nf5 33.b5 Nxe3 34.Qb3 Nf5 35.Kh2 Nd6 36.Nc4 Nb7
37.a5 Qf8 38.a6 Nd6 39.Nb6 Rc7 40.a7 Rxa7 41.Nxa7 Qb8 42.Qxe6 Nxb5 43.Nxb5
Qxf4+ 44.Kg1 Qc1+ 45.Kf2 Qf4+ 46.Kg1 Qc1+ 47.Kf2 Qf4+ 48.Ke2 h6 49.Nd7 Qg3
50.Qe8+ Kh7 51.Nxf6+ gxf6 52.Qf7+ Kh8 53.Qxf6+ Kh7 54.Qf5+ Kh8 {#r} 1-0

[Event "7th HD Bank Cup 2017"]
[Site "masterchessopen.com Ho Chi Minh City VIE"]
[Date "2017.03.15"]
[Round "6.32"]
[White "Vo Dai Hoai Duc"]
[Black "Nguyen Thi Mai Hung"]
[Result "1-0"]
[WhiteElo "2205"]
[BlackElo "2347"]

1.d4 d5 2.c4 c6 3.Nc3 e6 4.e3 Nf6 5.Nf3 Nbd7 6.Qc2 Bd6 7.Bd3 O-O 8.O-O h6 9.b3
Re8 10.Bb2 Qe7 11.e4 dxe4 12.Nxe4 Nxe4 13.Bxe4 c5 14.Rfe1 Nf6 15.Bd3 b6 16.d5
Bb7 17.h3 Qc7 18.Bxf6 gxf6 19.Nh4 f5 20.Qe2 Qd8 21.g3 Qf6 22.Rad1 Re7 23.dxe6
fxe6 24.Bc2 Rd8 25.Rxd6 Rxd6 26.Nxf5 Red7 27.Nxd6 Rxd6 28.Be4 Bxe4 29.Qxe4 Kf7
30.Re3 Qg7 31.Rf3+ Ke7 32.Kg2 Rd4 33.Qb7+ Rd7 34.Qa8 h5 35.Rf4 Kd6 36.Qb8+ Ke7
37.h4 Qh6 38.Qe5 Qg6 39.Kh2 Qh6 40.Kh3 Qg6 41.Kh2 Qh6 42.Qb8 Qg7 43.Qa8 Qh6
44.Qf3 Qg6 45.Qa8 Qg7 46.a4 Kd6 47.Qf3 Qh7 48.Rf8 Ke7 49.Qf6+ Kd6 50.Qf4+ Ke7
51.Rb8 Qf7 52.Qg5+ Kd6 53.Kg2 Qh7 54.Qf4+ Ke7 55.Qf8# 1-0

[Event "7th HD Bank Cup 2017"]
[Site "masterchessopen.com Ho Chi Minh City VIE"]
[Date "2017.03.15"]
[Round "6.34"]
[White "Wynn Zaw Htun"]
[Black "Nguyen Thi Thanh An"]
[Result "1-0"]
[WhiteElo "2405"]
[BlackElo "2283"]

1.Nf3 g6 2.e4 Bg7 3.g3 c5 4.Bg2 Nc6 5.O-O d6 6.c3 Nf6 7.d4 cxd4 8.cxd4 d5 9.e5
Ne4 10.Nc3 O-O 11.Re1 Bf5 12.Nh4 Nxc3 13.bxc3 Be6 14.f4 Qd7 15.Qe2 Rfd8 16.Bf3
Kh8 17.g4 f5 18.exf6 Bxf6 19.g5 Nxd4 20.cxd4 Bxd4+ 21.Be3 Bxa1 22.Rxa1 d4
23.Rd1 d3 24.Qb2+ Kg8 25.Rd2 Rac8 26.Be4 Rc2 27.Rxc2 dxc2 28.Bxc2 Bd5 29.Bb3
Qe6 30.Ng2 Bxb3 31.axb3 Qd5 32.Qa2 Qf3 33.h4 Qg3 34.Qb1 Kf8 35.Qc2 Qf3 36.Kh2
a6 37.Qc3 Kf7 38.Qb2 b5 39.Qe5 Qd5 40.Qa1 Qc6 41.Qa5 {#r} 1-0

[Event "7th HD Bank Cup 2017"]
[Site "masterchessopen.com Ho Chi Minh City VIE"]
[Date "2017.03.15"]
[Round "6.36"]
[White "Gatus,E"]
[Black "Schebler,G"]
[Result "1-0"]
[WhiteElo "2247"]
[BlackElo "2402"]

1.e4 c5 2.Nf3 Nc6 3.Bb5 e6 4.O-O Nge7 5.b3 a6 6.Bxc6 Nxc6 7.Bb2 b5 8.c4 bxc4
9.bxc4 Rb8 10.Bc3 Qc7 11.Na3 Bb7 12.Re1 Nd8 13.Nc2 f6 14.d3 Be7 15.Qd2 O-O
16.Ba5 Qd6 17.Bc3 Qc7 18.Ba5 Qc6 19.Rab1 Ba8 20.h3 Qa4 21.Bc3 Rxb1 22.Rxb1 f5
23.Rb2 Bd6 24.Qe2 fxe4 25.dxe4 Rf4 26.Qd2 Qc6 27.Be5 Bxe5 28.Nxe5 Qxe4 29.Rb8
Rf8 {#r} 1-0

[Event "7th HD Bank Cup 2017"]
[Site "masterchessopen.com Ho Chi Minh City VIE"]
[Date "2017.03.15"]
[Round "6.37"]
[White "Nguyen Van Thanh"]
[Black "Ervan,Mohamad"]
[Result "0-1"]
[WhiteElo "2238"]
[BlackElo "2401"]

1.e4 c5 2.Nc3 e6 3.f4 a6 4.Nf3 d5 5.g3 dxe4 6.Nxe4 Be7 7.Bg2 Nf6 8.Qe2 Nbd7
9.d3 Qc7 10.O-O O-O 11.Bd2 b5 12.Neg5 Bb7 13.Rae1 Rae8 14.Ne5 Bxg2 15.Kxg2
Qb7+ 16.Kg1 Bd8 17.c4 h6 18.Ngf3 Bc7 19.b3 Re7 20.g4 Nxe5 21.fxe5 Nd7 22.Qg2
bxc4 23.dxc4 Rd8 24.Rf2 Nf8 25.g5 h5 26.g6 Nxg6 27.Bg5 Red7 28.Bxd8 Bxd8
29.Rd2 Ba5 30.Rxd7 Qxd7 31.Re4 Ne7 32.Qf2 Nf5 33.Kg2 Qc6 34.Qe2 Bd8 35.Qd3 Be7
36.Kf2 g5 37.h3 Kf8 38.Nd2 Ke8 39.Qf3 Qd7 40.Ke1 Bd8 41.Qxh5 Qd3 42.Qf3 Qc2
43.Re2 Nd4 44.Qe4 Qc3 45.Kf2 Qxh3 46.Re3 Qh2+ 47.Qg2 Qf4+ {#R} 0-1

[Event "7th HD Bank Cup 2017"]
[Site "masterchessopen.com Ho Chi Minh City VIE"]
[Date "2017.03.15"]
[Round "6.38"]
[White "Li,Yankai"]
[Black "Zhao,Shengxin"]
[Result "1-0"]
[WhiteElo "2389"]
[BlackElo "2094"]

1.d4 d5 2.c4 c6 3.Nf3 Nf6 4.Nc3 e6 5.e3 Nbd7 6.Qc2 Bd6 7.g4 h6 8.Rg1 e5 9.cxd5
cxd5 10.Nb5 Bb8 11.g5 hxg5 12.Nxg5 e4 13.Bd2 a6 14.Rc1 axb5 15.Qxc8 Bxh2
16.Qxd8+ Rxd8 17.Rh1 Rh6 18.Bxb5 Bd6 19.Ke2 Ke7 20.Rxh6 gxh6 21.Nh3 Rg8 22.a4
h5 23.a5 h4 24.b4 Rg2 25.Rh1 Ng4 26.Kf1 Rh2 27.Rxh2 Nxh2+ 28.Kg2 Nf3 29.Bc3 f6
30.Ba4 Nb8 31.b5 Ke6 32.Bd1 Nh2 33.Nf4+ Bxf4 34.exf4 Nf3 35.Bxf3 exf3+ 36.Kxf3
Kf5 37.Bb4 h3 38.Bd6 Nd7 39.Bc7 {#r} 1-0

[Event "7th HD Bank Cup 2017"]
[Site "masterchessopen.com Ho Chi Minh City VIE"]
[Date "2017.03.15"]
[Round "6.39"]
[White "To,N"]
[Black "Pham Le Thao Nguyen"]
[Result "1-0"]
[WhiteElo "2317"]
[BlackElo "2351"]

1.e4 e5 2.Nf3 Nf6 3.Nxe5 d6 4.Nc4 Nxe4 5.Qe2 Qe7 6.Nc3 Nxc3 7.dxc3 Nc6 8.Bf4
Bg4 9.f3 Qxe2+ 10.Bxe2 Be6 11.O-O-O O-O-O 12.Ne3 d5 13.Bb5 Bc5 14.Rhe1 Ne7
15.Be5 Rhg8 16.g3 Bxe3+ 17.Rxe3 h5 18.Bf4 a6 19.Bd3 Rd7 20.b3 Nc6 21.Kb2 Ne7
22.Rg1 g5 23.Be5 g4 24.Rf1 c5 25.Bf6 Nc6 26.Bh7 Rf8 27.fxg4 hxg4 28.Bf5 Bxf5
29.Rxf5 Rg8 30.Rd3 Rg6 31.Bg5 d4 32.Rxc5 dxc3+ 33.Rdxc3 Re6 34.a4 f6 35.Bf4
Kd8 36.Rh5 Re2 37.Rc4 Ke8 38.Rh4 Re6 39.Kc3 Ne7 40.Bc1 Rd1 41.Ba3 Nd5+ 42.Kb2
Ree1 43.b4 Nb6 44.Rcxg4 Nxa4+ 45.Kb3 b5 46.Re4+ Kd7 47.Rxe1 Rxe1 48.Rd4+ Ke6
49.Rd3 Nb6 50.Bb2 Nc4 51.Bc3 Rb1+ 52.Ka2 Rc1 53.Kb3 Rb1+ 54.Ka2 Rc1 55.Rf3
Rxc2+ 56.Kb3 Rxh2 57.Rxf6+ Kd5 58.Rg6 Nd6 59.Rg8 Rf2 60.Rg5+ Kc6 61.Be5 Ne4
62.Rg6+ {#r} 1-0

[Event "7th HD Bank Cup 2017"]
[Site "masterchessopen.com Ho Chi Minh City VIE"]
[Date "2017.03.15"]
[Round "6.41"]
[White "Tong,Thai Hung"]
[Black "Dimakiling,O"]
[Result "0-1"]
[WhiteElo "2182"]
[BlackElo "2405"]

1.d4 Nf6 2.c4 d6 3.Nc3 Bf5 4.g3 c6 5.Bg2 e5 6.e4 Be6 7.d5 cxd5 8.cxd5 Bd7
9.Nge2 b5 10.a3 a5 11.O-O Na6 12.Bd2 Nc5 13.b4 axb4 14.axb4 Rxa1 15.Qxa1 Nb3
16.Qa2 Nxd2 17.Qxd2 Be7 18.Qd3 Qb6 19.h3 O-O 20.Ra1 Rc8 21.Bf1 h5 22.Kg2 Rc4
23.Qb1 g5 24.Ra3 Kg7 25.Ng1 Rd4 26.Bd3 h4 27.Nce2 hxg3 28.fxg3 Nxd5 29.Nxd4
Ne3+ 30.Kh2 Qxd4 31.Be2 Nc4 32.Bxc4 bxc4 33.Ra2 Bc6 34.Re2 f5 35.b5 Bb7 36.Nf3
Qd3 37.Qxd3 cxd3 38.Ra2 fxe4 39.Nd2 e3 40.Nc4 e2 41.Ra1 d5 {#R} 0-1

[Event "7th HD Bank Cup 2017"]
[Site "masterchessopen.com Ho Chi Minh City VIE"]
[Date "2017.03.15"]
[Round "6.42"]
[White "Pham Thi Thu Hien"]
[Black "Dang,H"]
[Result "1-0"]
[WhiteElo "2154"]
[BlackElo "2356"]

1.e4 g6 2.d4 Bg7 3.c4 d6 4.Nc3 Nf6 5.f3 O-O 6.Be3 c5 7.d5 Nbd7 8.Nge2 Ne5
9.Ng3 e6 10.Be2 exd5 11.cxd5 a6 12.a4 h5 13.O-O Bd7 14.h3 h4 15.Nh1 b5 16.f4
Nc4 17.Bxc4 bxc4 18.e5 Nh5 19.exd6 Qb6 20.Qd2 Rfe8 21.Bf2 Rab8 22.Ra2 Bf6
23.Re1 Rxe1+ 24.Bxe1 Re8 25.g4 Nxf4 26.Bxh4 Nxh3+ 27.Kg2 Bxh4 28.Kxh3 Qxd6
29.Kxh4 Kg7 30.Ng3 Qf6+ 31.Kh3 Bxg4+ 32.Kxg4 Rh8 33.Qg5 Qd4+ 34.Kf3 Kg8 35.Qe3
Qf6+ 36.Qf4 Qe7 37.Ra1 Rh2 38.Rh1 Rxb2 39.Qh4 Qxh4 40.Rxh4 Rb4 41.Re4 Kf8
42.Kf4 a5 43.Ke5 Ke7 44.d6+ Kd8 45.Kd5 Rb3 46.Rxc4 f5 47.Ke6 Rb2 48.Rh4 Kc8
49.d7+ Kc7 50.Nd5+ {#r} 1-0

[Event "7th HD Bank Cup 2017"]
[Site "masterchessopen.com Ho Chi Minh City VIE"]
[Date "2017.03.15"]
[Round "6.45"]
[White "Kyaw Lin Naing"]
[Black "Rowe,D"]
[Result "1-0"]
[WhiteElo "2289"]
[BlackElo "2162"]

1.e4 c5 2.Nf3 e6 3.d4 cxd4 4.Nxd4 Nc6 5.Nc3 Qc7 6.a3 a6 7.Be3 b5 8.Nxc6 Qxc6
9.Bd3 Bb7 10.Qe2 Nf6 11.O-O Rc8 12.Kh1 h5 13.f3 Qc7 14.Bd4 h4 15.Rfe1 Nh5
16.Qe3 Nf4 17.Ne2 Nxd3 18.cxd3 h3 19.g3 e5 20.Bb6 Qd6 21.Rac1 Rc6 22.Rxc6 Bxc6
23.Rc1 Qh6 24.Qxh6 Rxh6 25.Be3 Rf6 26.Ng1 b4 27.axb4 Bxb4 28.d4 exd4 29.Bxd4
Rd6 30.Rc4 a5 31.Nxh3 f6 32.Nf2 Bb5 33.Rc8+ Kf7 34.Be3 Be1 35.Kg2 Bxf2 36.Kxf2
Rd1 37.Rc5 Bc6 38.Rxa5 Rh1 39.Kg2 Re1 40.Kf2 Rh1 41.Rh5 Kg6 42.g4 Rb1 43.Bd4
Rd1 44.Ke3 Rf1 45.h4 Rh1 46.Rh8 Kf7 47.h5 Re1+ 48.Kf2 Rd1 49.Bc3 d5 50.Ke2 Rh1
51.Rc8 Bb5+ 52.Ke3 dxe4 53.Kxe4 Rd1 54.Rc5 Bd7 55.Rc7 Ke6 56.Ra7 Bc6+ 57.Ke3
Bd7 58.Ra6+ Kf7 59.h6 {#r} 1-0

[Event "7th HD Bank Cup 2017"]
[Site "masterchessopen.com Ho Chi Minh City VIE"]
[Date "2017.03.15"]
[Round "6.46"]
[White "Swathi,G"]
[Black "Ning,Kaiyu"]
[Result "1-0"]
[WhiteElo "2254"]
[BlackElo "2022"]

1.e4 e6 2.d3 d5 3.Nd2 Nf6 4.Ngf3 b6 5.c3 Bb7 6.Qc2 a5 7.Be2 dxe4 8.dxe4 Nbd7
9.e5 Ng4 10.Qa4 Nh6 11.Ne4 c6 12.Bg5 Qc7 13.O-O-O Nc5 14.Nxc5 Bxc5 15.Rd2 b5
16.Qf4 Nf5 17.Rhd1 Bxf2 18.Rd7 Qb6 19.Qd2 O-O 20.g4 h6 21.gxf5 hxg5 22.Kb1
exf5 23.Qxg5 Bc8 24.R7d3 Be6 25.Qh5 f6 26.exf6 Rxf6 27.Ng5 Rh6 28.Qf3 Re8
29.Bf1 b4 30.cxb4 axb4 31.Nxe6 Rhxe6 32.Rd7 Qc5 33.Rc1 Re1 34.Qb3+ Kh7 35.Qh3+
Kg8 36.Qb3+ Kh8 37.Rdd1 Qe3 38.Rxe1 Bxe1 39.Qf7 Qe4+ 40.Ka1 Bd2 41.Bd3 Qe5
42.Qh5+ Bh6 43.Rxc6 b3 44.Rxh6+ {#r} 1-0

[Event "7th HD Bank Cup 2017"]
[Site "masterchessopen.com Ho Chi Minh City VIE"]
[Date "2017.03.15"]
[Round "6.47"]
[White "Lu Chan Hung"]
[Black "Godbole,A"]
[Result "0-1"]
[WhiteElo "2243"]
[BlackElo "2100"]

1.d4 Nf6 2.Bf4 e6 3.e3 b6 4.Nf3 Bb7 5.Nbd2 Be7 6.Bd3 c5 7.c3 Nh5 8.Bg3 Nxg3
9.hxg3 g6 10.Qc2 d6 11.O-O-O Nd7 12.Rh2 Kf8 13.Rdh1 Kg7 14.Kb1 a6 15.g4 b5
16.Ng1 Rc8 17.Ne2 Nf6 18.f3 c4 19.Be4 d5 20.Bxg6 fxg6 21.Nf4 Qg8 22.Rh6 Qf7
23.Nf1 Ng8 24.Rxg6+ hxg6 25.Rxh8 Kxh8 26.Nxg6+ Kg7 27.Ne5 Qe8 28.Ng3 Nf6 29.g5
{#R} 0-1

[Event "7th HD Bank Cup 2017"]
[Site "masterchessopen.com Ho Chi Minh City VIE"]
[Date "2017.03.15"]
[Round "6.51"]
[White "Chan,Kim Yew"]
[Black "Vasilyev,M"]
[Result "0-1"]
[WhiteElo "2176"]
[BlackElo "2165"]

1.d4 Nf6 2.c4 g6 3.Nf3 Bg7 4.g3 O-O 5.Bg2 d6 6.Nc3 Nc6 7.O-O Bf5 8.d5 Na5
9.Nd2 c5 10.e4 Bg4 11.Qc2 a6 12.b3 b5 13.Bb2 Rb8 14.Nd1 bxc4 15.bxc4 Bxd1
16.Raxd1 Rxb2 17.Qxb2 Nxd5 18.Qa3 Nb4 19.Qa4 Qc7 20.Nf3 Nxc4 21.Rc1 Qa5 22.Qb3
Na3 23.Rfd1 c4 24.Qe3 Nxa2 25.Rd5 Qb4 26.Rf1 c3 27.Ne1 Rc8 28.Bh3 e6 29.Nd3
Qa4 30.Ra1 Nc2 31.Qb6 Nxa1 32.Rxd6 c2 33.Rxe6 c1=Q+ 34.Nxc1 Rxc1+ 35.Kg2 Qb5
36.Qd8+ Bf8 37.Re8 Qf1+ 38.Kf3 Rc3+ 39.Kg4 Qe2+ 40.Kg5 h6+ 41.Kf4 Qxf2+ {#R}
0-1

[Event "St Louis Winter Classic B"]
[Site "masterchessopen.com Saint Louis USA"]
[Date "2017.03.15"]
[Round "5.2"]
[White "Ramirez,Alej"]
[Black "Baryshpolets,A"]
[Result "0-1"]
[WhiteElo "2549"]
[BlackElo "2578"]

1.e4 e5 2.Nf3 Nc6 3.Bb5 Nf6 4.d3 d6 5.O-O a6 6.Bxc6+ bxc6 7.d4 exd4 8.Qxd4 c5
9.Qd3 Be7 10.e5 dxe5 11.Qxd8+ Bxd8 12.Nxe5 Bf5 13.Nc6 O-O 14.Na3 Nd5 15.c3 Bf6
16.Rd1 Rfe8 17.h3 Be6 18.Na5 Reb8 19.g4 g5 20.Nb3 Be7 21.Na5 Bf6 22.N3c4 h6
23.a4 Re8 24.Ra3 Kg7 25.Be3 h5 26.gxh5 Rh8 27.Nb7 Nf4 28.Bxf4 gxf4 29.Nd2 Rxh5
30.Ne4 Be7 31.c4 Bxh3 32.Rd5 Bf5 33.f3 Rah8 34.Nf2 Bh4 35.Ng4 Bg3 36.Nxc5 Rh1+
37.Kg2 Bxg4 38.fxg4 R8h2+ 39.Kf3 Re1 40.g5 Kg6 41.Rd8 c6 42.Kg4 Rh4+ 43.Kf3
Rf1+ 44.Ke2 f3+ 45.Rxf3 Re1+ 46.Kd2 Rh2+ 47.Kd3 Rd1+ 48.Ke3 Re1+ 49.Kd3 Rd1+
50.Ke3 Rxd8 51.Rxg3 Rxb2 52.Rf3 Rd6 53.Rh3 Kg7 54.Rh4 a5 55.Ke4 Re2+ 56.Kf5
Rd1 57.Rf4 Ra1 58.Rf3 Ree1 59.Rh3 Rg1 60.Ne4 Rxa4 61.Nd6 Ra2 62.Ne8+ Kf8
63.Nf6 Rf2+ 64.Ke4 Ke7 65.Ng8+ Kd6 66.Ke3 Rff1 67.Rh6+ Kc5 68.Ne7 Re1+ 69.Kf2
Rgf1+ 70.Kg2 Rg1+ 71.Kf2 Rxe7 72.Kxg1 Re5 {#R} 0-1

[Event "St Louis Winter Classic B"]
[Site "masterchessopen.com Saint Louis USA"]
[Date "2017.03.15"]
[Round "5.3"]
[White "Chirila,I"]
[Black "Hess,Ro"]
[Result "1-0"]
[WhiteElo "2522"]
[BlackElo "2571"]

1.c4 Nf6 2.Nc3 e6 3.e4 d5 4.e5 d4 5.exf6 dxc3 6.bxc3 Qxf6 7.d4 b6 8.Be2 Bb7
9.Bf3 Bxf3 10.Nxf3 Bd6 11.Qa4+ c6 12.O-O O-O 13.Rb1 Bc7 14.Be3 Rc8 15.Ne5 Qf5
16.f4 Bxe5 17.fxe5 Qd3 18.Bf2 Qxc3 19.Rbc1 Qd3 20.Rfd1 Qf5 21.Rc3 Nd7 22.Rf3
Qg5 23.Rf1 f5 24.exf6 Nxf6 25.Bg3 Qd2 26.Rd1 Qg5 27.h3 b5 28.Qa6 bxc4 29.Be5
Kh8 30.Rdf1 Rf8 31.Qb7 c3 32.Rg3 Qh6 33.Bf4 Rab8 34.Bxb8 c2 35.Bf4 Nh5 36.Bxh6
Rxf1+ 37.Kxf1 Nxg3+ 38.Ke1 {#r} 1-0

[Event "St Louis Winter Classic B"]
[Site "masterchessopen.com Saint Louis USA"]
[Date "2017.03.15"]
[Round "5.4"]
[White "Sukandar,I"]
[Black "Ali Marandi,C"]
[Result "1-0"]
[WhiteElo "2423"]
[BlackElo "2497"]

1.e4 e5 2.Nf3 Nc6 3.Nc3 Nf6 4.d4 Bb4 5.Nxe5 Nxe4 6.Qf3 Nf6 7.Be3 Qe7 8.Bd3 d5
9.O-O Be6 10.Bb5 O-O 11.Bxc6 bxc6 12.Nxc6 Qd6 13.Nxb4 Qxb4 14.Bg5 Ne4 15.Nxe4
dxe4 16.Qxe4 Rfe8 17.c3 Qxb2 18.d5 Bd7 19.Qd4 Bf5 20.Be3 a6 21.Qf4 Be4 22.Bd4
f6 23.Qxc7 Bxd5 24.a4 Qc2 25.Qg3 Kh8 26.h4 Qg6 27.Qxg6 hxg6 28.Rfe1 Kg8 29.a5
Kf7 30.Rxe8 Rxe8 31.Rb1 Re4 32.Rb6 Re6 33.Rb8 Re8 34.Rb1 Re4 35.f3 Re2 36.Rb6
Re6 37.Rb2 Re1+ 38.Kf2 Ra1 39.c4 Ra4 40.cxd5 Rxd4 41.Rb7+ Kf8 42.Ra7 Rxd5
43.Rxa6 Rd2+ 44.Kg3 Ra2 45.Ra8+ Kf7 46.Ra7+ Kg8 47.a6 Kh7 48.Ra8 Ra4 49.Kh3
Ra3 50.Kg4 Ra4+ 51.Kg3 Ra2 52.f4 Ra3+ 53.Kh2 g5 54.hxg5 fxg5 55.f5 Ra5 56.a7
Ra3 57.Kg1 Ra6 58.Kf2 g6 59.g4 Kg7 60.Ke3 Ra3+ 61.Ke4 gxf5+ 62.gxf5 g4 63.f6+
Kf7 64.Rh8 {#r} 1-0

[Event "St Louis Winter Classic B"]
[Site "masterchessopen.com Saint Louis USA"]
[Date "2017.03.15"]
[Round "5.5"]
[White "Chandra,Akshat"]
[Black "Krush,I"]
[Result "0-1"]
[WhiteElo "2505"]
[BlackElo "2444"]

1.d4 d5 2.c4 c6 3.Nf3 Nf6 4.Nc3 dxc4 5.a4 e6 6.e3 c5 7.Bxc4 Nc6 8.O-O cxd4
9.exd4 Be7 10.Qe2 O-O 11.Rd1 Nb4 12.Ne5 Bd7 13.Bg5 Bc6 14.a5 Nfd5 15.Be3 Nxe3
16.fxe3 Bd6 17.Nxc6 bxc6 18.a6 Rb8 19.g3 Nd5 20.Ne4 Be7 21.Rac1 Rb4 22.Rd2 Qa5
23.Bxd5 exd5 24.Nc5 Re8 25.Nd3 Rb6 26.Ne5 Bg5 27.h4 Bh6 28.Ng4 Re6 29.Rf1 Qxa6
30.Qf3 Rb7 31.Qf5 Rbe7 32.Kg2 Bxe3 33.Rdd1 Qe2+ 34.Kh3 g6 35.Qb1 h5 36.Ne5
Bxd4 37.Rfe1 Qxb2 38.Nxc6 Rxe1 39.Rxe1 Rxe1 40.Qxe1 Bf6 41.Nxa7 d4 42.Qf1 Qb7
{#R} 0-1

[Event "ch-CZE Junior 2017"]
[Site "masterchessopen.com Kouty nad Desnou CZE"]
[Date "2017.03.15"]
[Round "7.2"]
[White "Slovak,Kilian"]
[Black "Kozusek,Daniel"]
[Result "0-1"]
[WhiteElo "2143"]
[BlackElo "2216"]

1.e4 e6 2.d4 d5 3.Nd2 Be7 4.e5 c5 5.c3 Nc6 6.Ngf3 Qb6 7.Nb3 cxd4 8.cxd4 a5
9.Be2 a4 10.Nc5 Nxd4 11.Nxd4 Bxc5 12.Be3 Ne7 13.Rc1 O-O 14.Rxc5 Qxc5 15.Nxe6
Qb4+ 16.Bd2 Qxb2 17.Nxf8 Kxf8 18.O-O Nc6 19.Qc1 Qxa2 20.Bb5 Bd7 21.e6 Bxe6
22.f4 Bf5 23.Bxc6 bxc6 24.Qxc6 Rc8 25.Bb4+ Kg8 26.Re1 h6 27.Re8+ Rxe8 28.Qxe8+
Kh7 29.Qe1 Be4 30.Qd2 Qa1+ 31.Qe1 Qd4+ 32.Kh1 Qb2 33.Qd2 a3 34.Bc3 Qb1+ {#R}
0-1

[Event "ch-CZE Junior 2017"]
[Site "masterchessopen.com Kouty nad Desnou CZE"]
[Date "2017.03.15"]
[Round "7.3"]
[White "Liska,Ji2"]
[Black "Hollan,Petr"]
[Result "0-1"]
[WhiteElo "2223"]
[BlackElo "2332"]

1.Nf3 Nf6 2.c4 e6 3.g3 b6 4.Bg2 Be7 5.O-O Bb7 6.Nc3 O-O 7.Re1 d5 8.cxd5 Nxd5
9.Nxd5 Bxd5 10.e4 Bb7 11.d4 Nd7 12.Bf4 Nf6 13.Qc2 Rc8 14.Rad1 c6 15.Ne5 h6
16.Qb3 b5 17.Bh3 Kh7 18.Nxf7 Rxf7 19.Bxe6 Rf8 20.d5 cxd5 21.exd5 Bd6 22.Bxc8
Bxc8 23.Bxd6 Qxd6 24.Qxb5 Ng4 25.f4 Bd7 26.Qd3+ Bf5 27.Qd4 Rb8 28.a3 Rb3
29.Rd2 Qg6 30.Kg2 Nxh2 31.Re3 Rxe3 32.Qxe3 Ng4 33.Qd4 Qh5 34.d6 Qh2+ 35.Kf3
Qh1+ 36.Ke2 Qg2+ 37.Ke1 Qh1+ 38.Ke2 Nh2 39.Qf2 Qe4+ 40.Kd1 Qb1+ 41.Ke2 Bg4+
42.Ke3 Nf1+ 43.Kd4 Nxd2 44.Qxd2 Qf5 45.a4 Bf3 46.Qd3 Qxd3+ 47.Kxd3 Bc6 48.a5
Kg6 49.Kd4 Kf7 50.Kc5 Ba4 51.b4 Ke6 52.f5+ Kd7 53.Kd5 a6 54.Ke5 Bd1 55.Kd5
Bf3+ 56.Kc5 h5 57.Kb6 Be2 58.Kc5 Bb5 59.Kd5 Bd3 60.Ke5 Bc4 61.Kd4 Bf1 62.Kd5
Bh3 63.Ke5 Bg4 {#R} 0-1

[Event "ch-CZE Junior 2017"]
[Site "masterchessopen.com Kouty nad Desnou CZE"]
[Date "2017.03.15"]
[Round "7.4"]
[White "Havelka,Josef"]
[Black "Eret,Jonas"]
[Result "1-0"]
[WhiteElo "2282"]
[BlackElo "2235"]

1.e4 e6 2.d4 d5 3.Nd2 Nf6 4.e5 Nfd7 5.Bd3 c5 6.c3 b6 7.Ne2 Ba6 8.Bxa6 Nxa6
9.O-O Nc7 10.Nf4 a5 11.Qg4 g6 12.Nf3 Be7 13.Be3 c4 14.h4 b5 15.h5 Nb6 16.Qh3
Rf8 17.Ne2 b4 18.Qg4 Na4 19.Ng5 Rh8 20.Rab1 Ra6 21.b3 cxb3 22.Rxb3 Nb5 23.cxb4
axb4 24.Qf4 Bxg5 25.Qxg5 Qxg5 26.Bxg5 Nac3 27.Nxc3 Nxc3 28.Rxb4 Kd7 29.Rb7+
Kc6 30.Rxf7 Ne2+ 31.Kh2 gxh5 32.Be3 Rxa2 33.Rb1 Re8 34.Rfb7 Ra6 35.R7b2 {#r}
1-0

[Event "ch-CZE Junior 2017"]
[Site "masterchessopen.com Kouty nad Desnou CZE"]
[Date "2017.03.15"]
[Round "7.5"]
[White "Vykouk,Jan"]
[Black "Pulpan,J"]
[Result "1-0"]
[WhiteElo "2424"]
[BlackElo "2394"]

1.e4 c5 2.Nf3 d6 3.d4 cxd4 4.Nxd4 Nf6 5.Nc3 a6 6.Bg5 e6 7.f4 h6 8.Bh4 Qb6 9.a3
Nbd7 10.Bf2 Qc7 11.g3 b5 12.Bg2 Bb7 13.Qe2 Be7 14.O-O-O Rc8 15.Rhg1 O-O 16.g4
d5 17.e5 Bxa3 18.bxa3 Qxc3 19.Rd3 Qc7 20.exf6 Qxf4+ 21.Kb1 Qxf6 22.h4 Rc4
23.g5 hxg5 24.hxg5 Qg6 25.Rh1 Rfc8 26.Rdh3 Kf8 27.Rh8+ Ke7 28.Rxc8 Rxc8 29.Be1
Nb6 30.Bb4+ Kd7 31.Rf1 Nc4 32.Qf2 Ke8 33.Bh3 {#r} 1-0

[Event "17th Mediterranean Flower"]
[Site "masterchessopen.com Rijeka CRO"]
[Date "2017.03.15"]
[Round "5.2"]
[White "Nikolova,A"]
[Black "Drljevic,L"]
[Result "1-0"]
[WhiteElo "2339"]
[BlackElo "2257"]

1.e4 g6 2.d4 Bg7 3.Nc3 d6 4.Be3 a6 5.Qd2 b5 6.h4 h6 7.h5 g5 8.f4 gxf4 9.Bxf4
Nd7 10.Nf3 Bb7 11.a3 c5 12.d5 Qa5 13.Nh4 Be5 14.Bxe5 Nxe5 15.Nf5 Nf6 16.Qf4
Kd7 17.O-O-O b4 18.Nb1 bxa3 19.Nxa3 Qb4 20.Nxd6 exd6 21.Qxf6 Rab8 22.c4 Rhe8
23.Rd2 Kc7 24.Rh3 Bc8 25.Rc3 Qa4 26.Be2 Rb3 27.Rdc2 Rxc3 28.Rxc3 Rg8 29.g3 Bg4
30.Bxg4 Rxg4 31.Qxh6 Rxe4 32.Qd2 Qd7 33.Kb1 Qg4 34.Rb3 Kd7 35.Qa5 Ke7 36.Rb8
Qd7 37.Qxa6 Re1+ 38.Ka2 Nd3 39.Nc2 Nc1+ 40.Ka3 Rd1 41.Rb7 Rd3+ 42.b3 Rxb3+
43.Rxb3 Nxb3 44.Kxb3 Qf5 45.Qa7+ Kf6 46.Qa5 Kg7 47.Qc3+ Kh7 48.Ne3 Qxh5 49.Qf6
Qe2 50.Qxf7+ Kh8 51.Qe8+ Kh7 52.Qe7+ Kg8 53.Qe6+ Kh8 54.Qh3+ {#r} 1-0

[Event "17th Mediterranean Flower"]
[Site "masterchessopen.com Rijeka CRO"]
[Date "2017.03.15"]
[Round "5.3"]
[White "Kejzar,Petra"]
[Black "Unuk,Laura"]
[Result "0-1"]
[WhiteElo "2013"]
[BlackElo "2245"]

1.e4 e5 2.Nf3 Nc6 3.Bb5 a6 4.Ba4 Nf6 5.d3 b5 6.Bb3 Bc5 7.O-O d6 8.c3 O-O 9.h3
h6 10.Re1 Re8 11.Nbd2 Bb7 12.Nf1 d5 13.Ng3 dxe4 14.dxe4 Na5 15.Qe2 Nxb3
16.axb3 Qe7 17.Be3 Bxe3 18.Qxe3 Qe6 19.b4 Nd7 20.Nh4 Nb6 21.Nhf5 Kh7 22.Rad1
Nc4 23.Qc1 Rad8 24.Ne3 Nd6 25.Qc2 Qg6 26.Nef5 Re6 27.h4 Rde8 28.Re3 Bxe4
29.Rxe4 Nxf5 30.h5 Qg5 31.Nxf5 Qxf5 32.g4 Qg5 33.Rxe5+ f5 34.Qxf5+ Qxf5
35.Rxf5 Re4 36.f3 Re2 37.Rc5 R8e7 38.b3 Rb2 39.f4 Re3 40.g5 Rg3+ 41.Kf1 hxg5
42.Rxg5 Rxc3 43.Rc5 Rf3+ 44.Kg1 Rxf4 45.Rxc7 Rg4+ 46.Kf1 Rh4 47.Kg1 Rxh5
48.Rdd7 Rg5+ 49.Kf1 Rxb3 50.Ra7 Rxb4 51.Rxa6 Rb2 52.Raa7 Kh6 53.Rd6+ g6 54.Ra8
Rc5 55.Rd1 b4 {#R} 0-1